| 000 | 01934nam a2200325 a 4500 | ||
|---|---|---|---|
| 001 | BRCA_3084 | ||
| 005 | 20190320204114.0 | ||
| 008 | 270109s1830----fr-a---###---#000-0dfre-u | ||
| 041 | _afre | ||
| 044 | _afr | ||
| 084 |
_a391 _b.M375 _c1830 |
||
| 100 | 1 |
_aCervantes Saavedra, Miguel de _d1547-1616 _9213 |
|
| 245 | 1 | 0 |
_aHistoire de L´Admirable Don Quichotte de la Manche _cMiguel de Cervantes Saavedra. |
| 260 |
_aParís _bMarlin _c1830 |
||
| 300 |
_a5 v. _bil. _c22 cm. |
||
| 500 | _aContenido : v 1. Primera parte. Retrato de Cervantes. Noticia sobre la vida de Cervantes. Prólogo del autor. Errata. Contenido de la poesia traducida por Filleau de Saint-Martin. Versos desesperados de Grisostomo. -- v 2. Texto. Segunda parte. Texto. -- v 3. Texto. -- v 4. Texto. Continuación del traductor. -- v 5. Continuación del traductor | ||
| 500 | _aEdición : Traduite de l´Espagnol de Michel de Cervantes par Filleau de Saint-Martin, précédée de la Vie de Michel de Cervantes et ornée de 10 subjetc déssines par Charlet | ||
| 500 | _aEdición similar a la anterior. La noticia sobre la vida de Cervantes está tomada de la escrita por Prosper Mérimée. El retrato de Cervantes, malo, está grabado y dibujado por Lefevre, y las láminas están grabadas sobre los dibujos de Charlet. Tanto la impresión como el papel son excelentes. Piel; lomos con filetes dorados Lúdovik Osterc | ||
| 500 | _aQM319 | ||
| 546 | _aTexto en : francés | ||
| 650 | 1 | 4 |
_aNovela española _yÉpoca clásica, 1500-1700 _9215 |
| 650 | 1 | 4 |
_aLiteratura española _yÉpoca clásica, 1500-1700 _9216 |
| 650 | 1 | 4 |
_aNovela española _ySiglo XVII _9217 |
| 650 | 1 | 4 |
_aDon Quijote (Personaje ficticio) _eNovela _9218 |
| 700 | 1 |
_aSaint-Martin, Francois Filleau de _d1632-1685 _eTraductor _98422 |
|
| 700 | 1 |
_aMérimée, Prosper _d1803-1870 _eBiógrafo _98423 |
|
| 740 | 0 | _aEl Ingenioso Hidalgo Don Quijote de la Mancha | |
| 902 | _aQFM | ||
| 942 |
_2lcc _cB |
||
| 999 |
_c2820 _d2820 |
||